000
00230nam a22000857a 4500
008
160705b xxu||||| |||| 00| 0 eng d
100
_9
2267
_a
Parikh, S.S., et al
245
_a
Hindi - English Dictionary
260
_a
Delhi
_b
Allied
_c
1996
999
_c
1950
_d
1950